| 000 | 00594nam a2200181Ia 4500 | ||
|---|---|---|---|
| 008 | 140609s9999 xx 000 0 und d | ||
| 020 | _a9780521530330 | ||
| 050 |
_aPE 1072 _b.C68 2003 |
||
| 100 | _aCrystal, David. | ||
| 245 | 4 |
_aThe Cambridge encyclopedia of the English language / _cDavid Crystal |
|
| 250 | _a2nd ed. | ||
| 260 |
_aCambridge, U.K. ; New York : _bCambridge University Press, _cc2003. |
||
| 300 |
_a499 p. : _bcol. ill. ; _c28 cm. |
||
| 500 | _aIncludes bibliographical references, appendices, glossary and index. | ||
| 521 | _aGE | ||
| 942 |
_kFOR _cBK |
||
| 999 |
_c117949 _d117949 |
||